|
|
|
|
| LEADER |
00000nam0a2200000 4500 |
| 001 |
179874 |
| 005 |
20231101223515.0 |
| 010 |
|
|
|a 9785941782093
|
| 035 |
|
|
|a (RuTPU)RU\TPU\book\194986
|
| 090 |
|
|
|a 179874
|
| 100 |
|
|
|a 20100429d2010 m y0rusy50 ca
|
| 101 |
0 |
|
|a rus
|
| 102 |
|
|
|a RU
|
| 105 |
|
|
|a a j 001zy
|
| 200 |
1 |
|
|a Производство деталей металлорежущих станков
|e учебное пособие
|f А. Г. Схиртладзе, В. П. Борискин
|
| 210 |
|
|
|a Старый Оскол
|c ТНТ
|d 2010
|
| 215 |
|
|
|a 592 с.
|c ил.
|
| 320 |
|
|
|a Библиогр.: с. 582.
|
| 330 |
|
|
|a В учебном пособии рассмотрена технология производства наиболее характерных деталей металлорежущих станков: шпинделей, гильз, базовых и корпусных деталей, накладных направляющих, ходовых винтов и гаек. Приведены типовые технологические процессы изготовления указанных деталей. Учебное пособие предназначено для студентов машиностроительных специальностей вузов, а также может быть использовано технологами и конструкторами машиностроительных производств.
|
| 606 |
1 |
|
|a Металлорежущие станки
|x Детали
|x Производство
|2 stltpush
|3 (RuTPU)RU\TPU\subj\69739
|9 84444
|
| 610 |
1 |
|
|a машиностроение
|
| 610 |
1 |
|
|a технология
|
| 610 |
1 |
|
|a производственные процессы
|
| 610 |
1 |
|
|a рабочая документация
|
| 610 |
1 |
|
|a механическая обработка
|
| 610 |
1 |
|
|a заготовки
|
| 610 |
1 |
|
|a технологическая оснастка
|
| 610 |
1 |
|
|a станочные приспособления
|
| 610 |
1 |
|
|a проектирование
|
| 610 |
1 |
|
|a шпиндельные узлы
|
| 610 |
1 |
|
|a шпиндели
|
| 610 |
1 |
|
|a гильзы
|
| 610 |
1 |
|
|a термическая обработка
|
| 610 |
1 |
|
|a несущие системы
|
| 610 |
1 |
|
|a станины
|
| 610 |
1 |
|
|a корпусные детали
|
| 610 |
1 |
|
|a накладные направляющие
|
| 610 |
1 |
|
|a технологические маршруты
|
| 610 |
1 |
|
|a винтовые передачи
|
| 610 |
1 |
|
|a ходовые винты
|
| 610 |
1 |
|
|a ходовые гайки
|
| 610 |
1 |
|
|a учебные пособия
|
| 675 |
|
|
|a 621.9.06-229.002(075.8)
|v 3
|
| 700 |
|
1 |
|a Схиртладзе
|b А. Г.
|g Александр Георгиевич
|
| 701 |
|
1 |
|a Борискин
|b В. П.
|g Владимир Петрович
|
| 801 |
|
1 |
|a RU
|b 63413507
|c 20100429
|
| 801 |
|
2 |
|a RU
|b 63413507
|c 20211021
|g RCR
|
| 942 |
|
|
|c BK
|
| 959 |
|
|
|a 28/20100429
|d 2
|e 410,00
|f АНЛ:1
|f ЧЗТЛ:1
|